01057nam a2200265 a 450000100060000000300080000600500170001400800410003102000170007203500190008904000320010804100080014008200250014810000310017324501140020426000510031830000330036950000100040265000300041270000290044294200120047199900170048395201450050095201460064546923BD-RjUL20211209054230.0160806s1970 njua bs 001 0 eng  a: 0133513122 a(BD-RjUL)47042 aDLCcDLCdDLCdBD-RjULbeng aeng00a307.76223bBEG 19701 aBerry, Brian J. L.913238510aGeographic perspectives on urban systems :bwith integrated readings /cBrian J. L. Berry and Frank E. Horton aEnglewood Cliffs, N.J.,bPrentice-Hall,c1970, axii, 564 p. :bill ;c26 cm. aindex 0aCities and towns.91429321 aHorton, Frank E.9142933 2ddccBK c46923d46923 00102ddc40708NFICaRUCLbRUCLcStackd1978-05-06eW. Heffer and Sonsg5.60l0o307.76 BEG 1970r2016-08-06 00:00:00tC-2w2016-08-06yBK 00102ddc40708NFICaRUCLbRUCLcStackd1978-05-06eW. Haffer and sosnsg5.60l0o307.76 BEG 1970r2016-12-12 00:00:00tC-3w2016-12-12yBK